000 01002nam a2200337Ia 4500
001 dia_5945
003 CHAP
005 20251023153715.0
008 220117s2012 xx 000 0 und d
010 _a177076
020 _a978-970-749-006-2
040 _cCHAP
082 _a808.839352042 M37 A77 2012
100 _aMastretta, Ángeles
_9160126
245 _aArráncame la vida /
_c Ángeles Mastretta
260 _aMéxico :
_b Planeta,
_c2012
300 _a268 p.
440 _aBooket
_9153675
503 _aC.
590 _aPQ7298.23.A795 A77 2012
650 _aFiction
_9152751
650 _aLiteratura mexicana
_xSiglo XX
_9153761
650 0 _aMexican literature
_x
_y20th. century
_9153762
650 _aMujeres
_xMéxico
_xNovela
_9160127
650 _aNovela
_982011
650 _aWomen
_xMexico
_xFiction
_9160128
901 _a808.839352042 M37 A77 2012
902 _aM
905 _a5232272012 mx x 9222223332spa16
942 _cLIBRO
_2ddc
999 _c177076
_d177076